| 000 | 00878nam a2200229 i 4500 | ||
|---|---|---|---|
| 001 | 000043644 | ||
| 003 | DO-SdBNP | ||
| 005 | 20260130102929.0 | ||
| 007 | ta | ||
| 008 | 140401s2004 dr ab 000 0 spa d | ||
| 040 |
_aDO-SdBNP _bspa _cBNPHU _erda |
||
| 041 | _aspa | ||
| 082 | 4 |
_axxx _bxxx _222 |
|
| 100 |
_aMaki, Tadashi, _eautor _4aut. _988934 |
||
| 245 | 1 | 0 |
_aSismicidad en la República Dominicana : _bpara la toma de medidas antisismica / _cTadashi Maki |
| 246 | 1 | 0 |
_aSeismicity in the Dominican Republic : _bfor measurement of anti-earthqueake |
| 264 | 1 |
_aSanto Domingo : _bDefensa Civil de la República Dominicana; _bJapan Internatinal Cooperation Agency, _c2004. |
|
| 300 |
_a53, 69, 16páginas : _bilustraciones, mapas ; _c28 cm. |
||
| 500 | _aIncluye referencias bibliográficas y notas al pie de las páginas | ||
| 590 | _aInventariado, 2026/BT | ||
| 942 |
_2ddc _cLBS1 |
||
| 999 |
_c43133 _d43133 |
||